Bottom 20 lowest military deaths in WW2 - Statistics

General Stats
  • This quiz has been taken 35 times
  • The average score is 11 of 20
Answer Stats
Deaths Country % Correct
1,000 Brazil
79%
2,000 Denmark
76%
2,905 Luxembourg
76%
5,000 Ireland
72%
7 Mexico
72%
11,700 New Zealand
72%
100 Sweden
72%
2,000 Norway
69%
4,500 Spain
66%
200 Turkey
62%
1,100 Egypt
52%
500 Iraq
52%
11,900 South Africa
52%
6,700 Netherlands
41%
5,600 Thailand
41%
300 Mongolia
34%
8,985 Nepal
31%
2,600 Burma
24%
7,000 Slovakia
21%
11,500 Dutch East Indies
3%
No matching quizzes found
Score Distribution
Percent of People with Each Score
Percentile by Number Answered
Your Score History
You have not taken this quiz